000 00813nam a22002417a 4500
001 73002
003 BD-RjUL
005 20211209082334.0
008 170527s1955 ii ||||| |||| 00| 0 ben d
020 _c Rs. : 2.00
035 _a(BD-RjUL)73220
040 _aBD-RjUL
_bben
_cBD-RjUL
041 _aben
082 _223
_a891.441
_bKAS 1955
100 1 _aকবির, হুমায়ুন
_9215897
245 1 0 _aস্বপ্নসাধ /
_cহুমায়ুন কবির.
250 _a৩য় সং.
260 _aকলিকাতা :
_bএম সি সরকার এণ্ড সন্স লিঃ,
_c১৯৫৫.
300 _a১১৪ পৃ. ;
_c২৩ সেমি.
650 _aবাংলা কবিতা
_9215898
650 _aBengali Poetry
_9215899
942 _2ddc
_cBK
999 _c73002
_d73002